01250nam a22001817a 4500008004100000020001800041040000800059041000800067050002700075100002700102245004000129260006200169300002500231520071900256650002900975650004101004655002301045251120b |||||||| |||| 00| 0 eng d a9781250330260 ctbs aeng aPS3616.I579 bH38 2024 aPinsker, Saraheauthor aHaunt sweet home c/ Sarah Pinsker. aNew York, NY : bTordotcom, Tor Publishing Group, c2024. a163 pages ; c21 cm. a “Don’t talk to day about what we do at night.” When aimless twenty-something Mara lands a job as the night-shift production assistant on her cousin’s ghost hunting/home makeover reality TV show Haunt Sweet Home, she quickly determines her new role will require a healthy attitude toward duplicity. But as she hides fog machines in the woods and improvises scares to spook new homeowners, a series of unnerving incidents on set and a creepy new coworker force Mara to confront whether the person she's truly been deceiving and hiding from all along—is herself. Eerie and empathetic, Haunt Sweet Home is a multifaceted, supernatural exploration of finding your own way into adulthood, and into yourself. 0aHaunted houses vFiction 0aReality television programsvFiction 0aParanormal fiction